Použitie viackriteriálneho rozhodovania

Viackriteriálne rozhodovanie. V príspevku sa uvažuje nad kúpou malého auta určeného do mesta s cenou do 350.000,-Sk. Pri výbere sa zohľadňujú viaceré kritériá z oblasti bezpečnosti, komfortu a ostatných kritérií.

Enregistré dans:
Détails bibliographiques
Auteur principal: Mikušová, Nora, 1978-
Autres auteurs: Kufelová, Iveta, 1970-
Format: Chapitre de livre
Langue:slovaque
Sujets:
Tags: Ajouter un tag
Pas de tags, Soyez le premier à ajouter un tag!

MARC

LEADER 00000nla$a2200000$$$4500
001 0092343
005 20240502083234.6
041 0 |a slo 
044 |a CZ 
245 1 0 |a Použitie viackriteriálneho rozhodovania  |c Nora Mikušová, Iveta Kufelová 
520 |a Viackriteriálne rozhodovanie. V príspevku sa uvažuje nad kúpou malého auta určeného do mesta s cenou do 350.000,-Sk. Pri výbere sa zohľadňujú viaceré kritériá z oblasti bezpečnosti, komfortu a ostatných kritérií. 
610 2 0 |a rozhodovanie viackriteriálne 
610 2 0 |a automobily 
610 2 0 |a výroba 
610 2 0 |a metódy 
100 1 |a Mikušová, Nora, 1978- 
700 1 |a Kufelová, Iveta, 1970-